El pequeño ciudadano: compartir y respectar derechos y deberes (Registro nro. 806)
[ vista simple ]
| 000 -Cabecera | |
|---|---|
| Campo de control de longitud fija | 00782aam a2200265 4500 |
| 005 - Fecha y hora de la última transacción | |
| Campo de control | 20231011180940.0 |
| 008 - Elementos de longitud fija--Información general | |
| Campo de control de longitud fija | 150909b2006 xxu||||| |||| 00| 0 spa d |
| 020 ## - International Standard Book Number | |
| Número Internacional Estándar del Libro (ISBN) | 8449430577 |
| 041 ## - Idioma | |
| Código de idioma | Español |
| 082 ## - Clasificación Decimal Dewey | |
| Número de clasificación | 320.4 P425p |
| 245 ## - Título propiamente dicho | |
| Título | El pequeño ciudadano: compartir y respectar derechos y deberes |
| 260 ## - Pie de imprenta | |
| Lugar de publicación, distribución, etc. | España |
| 260 ## - Pie de imprenta | |
| Nombre del editor, distribuidor, etc. | OCEANO |
| 260 ## - Pie de imprenta | |
| Fecha de publicación, distribución, etc. | 2006 |
| 300 ## - Descripción física | |
| Extensión | 112 páginas |
| 505 ## - Nota de contenido | |
| Nota de contenido | Contiene disco compacto N° 341 |
| 505 ## - Nota de contenido | |
| Nota de contenido | Disco compacto contiene juego interactivo |
| 505 ## - Nota de contenido | |
| Nota de contenido | LA BIBLIOTECA CONTIENE EL VOL. 1 Y 2 |
| 650 ## - Materia general | |
| Temática (materia general) | EDUCACIÓN CÍVICA |
| 650 ## - Materia general | |
| Temática (materia general) | DERECHOS CIUDADANOS |
| 650 ## - Materia general | |
| Temática (materia general) | DEBERES CIUDADANOS |
| 650 ## - Materia general | |
| Temática (materia general) | DERECHOS DEL NIÑO |
| 650 ## - Materia general | |
| Temática (materia general) | SERVICIOS PÚBLICOS |
| 942 ## - Punto de acceso adicional KOHA | |
| Tipo de ítem KOHA | Libro |
| Fuente del sistema de clasificación o colocación | Dewey Decimal Classification |
| Signatura completa | Código de barras | Tipo de ítem |
|---|---|---|
| 320.4 P425p | 1913 | Libro |
| 320.4 P425p | 1914 | Libro |
| 320.4 P425p | 341DC | Disco Compacto |